| 000 | 00510nam a2200169 4500 | ||
|---|---|---|---|
| 003 | DO-SdBNP | ||
| 005 | 20171128125614.0 | ||
| 008 | 171128b1962 sp 00| 0 spa d | ||
| 040 |
_aBPMSU _bspa _cBPMSU |
||
| 100 |
_aBohigas Balaguer, Pedro _d1901 |
||
| 245 |
_aEl libro espaƱol : _bensayo historico / _cPedro bohigas. |
||
| 260 |
_aBarcelona : _bGustavo Gili, _c1962 |
||
| 300 |
_a342 p. ; _c20 cm. |
||
| 942 |
_2ddc _cBK |
||
| 945 | _aInventariado extranjero / 2017 VM | ||
| 956 |
_aVMATEO _b10 _c20171128 _dBPMSU _f0069 |
||
| 999 |
_c13168 _d13168 |
||